| 000 | 01788nam0a2200313 4500 | ||
|---|---|---|---|
| 001 | RU\NLR\bibl\552738 | ||
| 005 | 20250609160922.0 | ||
| 010 |
_a5-7038-2501-6 _9100 |
||
| 021 |
_aRU _b2004-46022 _92281 |
||
| 035 | _a(NLR Aleph) 000544904 | ||
| 090 |
_a1436080 _c1436080 |
||
| 100 | _a20040915d2004 |||y0rusy50 ca | ||
| 101 | 0 | _arus | |
| 102 | _aRU | ||
| 105 | _aa ||||||||| | ||
| 200 | 1 |
_aВведение в экспериментальную механику машин _eУчеб. пособие для студентов вузов, обучающихся по направлению 652600 "Ракетостроение и космонавтика", спец. 130600 "Ракетостроение", 130700 "Косм. аппараты и разгон. блоки", 121000 "Пр-во изделий из композиц. материалов" _fЛ.П. Таирова _gМоск. гос. техн. ун-т им. Н.Э. Баумана |
|
| 210 |
_aМ. _cИзд-во МГТУ _d2004 |
||
| 215 |
_a47,[1] с. _cил. _d21 |
||
| 320 | _aБиблиогр.: с. 46-47 | ||
| 606 | 0 |
_aМашины _jРуководства, пособия и т.п. для высшей школы _xТеория _91519070 _3RU\NLR\auth\66660207 |
|
| 606 | 0 |
_aМеханизмы _jРуководства, пособия и т.п. для высшей школы _xТеория _91046438 _3RU\NLR\auth\6685734 |
|
| 606 | 0 |
_aМашин и механизмов теория _jУчебные издания для высших учебных заведений _92086099 _3RU\NLR\auth\661262226 |
|
| 686 | _aК412я73-1 | ||
| 700 | 1 |
_aТаирова _bЛ. П. _gЛюдмила Павловна _4070 |
|
| 801 | 0 |
_aRU _bNLR _c20040915 _gPSBO |
|
| 801 | 1 |
_aRU _bNLR _c20040915 |
|
| 942 | _cBOOK | ||
| 980 | _aNB | ||